Goldstone raporu (Record no. 11944)

MARC details
000 -BAŞLIK
Sabit Uzunlukta Kontrol Alanı 01401na a2200301 4500
001 - KONTROL NUMARASI
Denetim Alanı 24331
003 - KONTROL NUMARASI IDENTIFIER
Denetim Alanı MIRAKIL
005 - SON İŞLEM TARİHİ VE ZAMANI
Denetim Alanı 20181226104237.0
008 - SABİT-BOY VERİ ELEMANLARI - GENEL BİLGİLER
Sabit Uzunlukta Kontrol Alanı 180917b tu 000 0
041 ## - DİL KODU
Metin / Ses Parça Veya Ayrı Başlığın Dil Kodu tur
082 ## - DEWEY ONLU SINIFLANDIRMA NUMARASI
Sınıflandırma Numarası 341.481
Ürün Numarası G64g 2010
090 ## - SINIFLAMA NUMARASI
Sınıflama Numarası 341.481 G64g 2010
100 ## - ANA GİRİŞ - KİŞİSEL İSİM
Kişisel Ad Goldstone, Richard
245 ## - BAŞLIK TABLOSU
Başlık Goldstone raporu
Başlığın Kalan Filistin ve işgal altındaki diğer Arap bölgelerinde insan hakları sorunu
-- Gazze çatışmasıyla ilgili Birleşmiş milletler insan hakları konseyi araştırma komisyonu raporu
Sorumluluk Tablosu, Vb Richard Goldstone; Çev. M. Malik Yavuz
246 ## - UNVAN FORM VARYING
Başlık Doğru / Kısa Başlığı Filistin ve işgal altındaki diğer Arap bölgelerinde insan hakları sorunu
246 ## - UNVAN FORM VARYING
Başlık Doğru / Kısa Başlığı Gazze çatışmasıyla ilgili Birleşmiş milletler insan hakları konseyi araştırma komisyonu raporu
260 ## - YAYIN, DAĞITIM, VB
Yayın, Dağıtım, Vb Yeri İstanbul
Yayıncı, Dağıtıcı, Vs Adı Filistin platformu yayınları
Yayın, Dağıtım, Vb Tarihi 2010
Üretici Firma pelikan matbaası
300 ## - FİZİKSEL TANIM
Kapsam 575 s.
Boyutlar 28 sm.
440 ## - SERİSİ TABLOSU / KATMA GİRİŞİ - BAŞLIK
Başlık Filistin platformu yayınları
Hacim / Ardışık Tanımı 1
650 ## - KONU KATMA GİRİŞ - TOPİKAL DÖNEM
Topikal Süreli Veya Coğrafi Ad Giriş Elemanı İnsan hakları ve uluslararası hukuk
650 ## - KONU KATMA GİRİŞ - TOPİKAL DÖNEM
Topikal Süreli Veya Coğrafi Ad Giriş Elemanı İnsan hakları sorunları
Genel Alt Bölümü Filistin
650 ## - KONU KATMA GİRİŞ - TOPİKAL DÖNEM
Topikal Süreli Veya Coğrafi Ad Giriş Elemanı İnsan hakları ihlali
Genel Alt Bölümü Filistin
700 ## - KATMA GİRİŞ - KİŞİSEL İSİM
Kişisel Ad Yavuz, M. Malik
740 ## - KATMA GİRİŞ - KONTROLSUZ İLGİLİ / ANALİTİK BAŞLIK
Kontrol Edilmeyen / İlgili Analitik Başlıktaki Filistin ve işgal altındaki diğer Arap bölgelerinde insan hakları sorunu
740 ## - KATMA GİRİŞ - KONTROLSUZ İLGİLİ / ANALİTİK BAŞLIK
Kontrol Edilmeyen / İlgili Analitik Başlıktaki Gazze çatışmasıyla ilgili Birleşmiş milletler insan hakları konseyi araştırma komisyonu raporu
942 ## - EKLENDİ GİRİŞ ELEMANLARI (KOHA)
Sınıflandırma Veya Raf Düzeni Kaynak Dewey Decimal Classification
Koha Öğesi Türü Books
040 ## - KATALOGLAMA KAYNAK
Orijinal Kataloglama Ajansı Milas
Kataloglama Dili tur
Metne Dönüştürmek Ajansı TR-AnCHP
999 ## - SİSTEM KONTROL NUMARALARI (KOHA)
Koha Biblionumber 11944
Koha Biblioitemnumber 11944
Holdings
Kullanım Kısıtlamaları Kalıcı Konum Mevcut Konum Edinme Tarihi Toplam Check-Out'Lar Tam Çağrı Numarası Barkod Tarih Son Görülme İtibaren Geçerli Fiyatlar Sigara Kamu Notu Koha Öğesi Türü
  Parti Okulu Kütüphanesi Parti Okulu Kütüphanesi 09/17/2018   341.481 G64g 2010 P00100 09/17/2018 09/17/2018 Books